[Event "Cuiaba Contaud op"]
[Site "Cuiaba"]
[Date "2014.05.04"]
[Round "6"]
[White "Magalhaes, Amanda Borges MS"]
[Black "Felix, Luiza de Oliveira"]
[Result "1/2-1/2"]
[WhiteElo "1754"]
[BlackElo "1795"]
[PlyCount "37"]
[EventDate "2014.05.01"]
[EventType "swiss"]
[EventRounds "6"]
[EventCountry "BRA"]
[SourceTitle "CBM 160 Extra"]
[Source "ChessBase"]
[SourceDate "2014.07.01"]
[SourceVersion "1"]
[SourceVersionDate "2014.07.01"]
[SourceQuality "1"]

1. e4 c5 2. Nf3 d6 3. Nc3 Nf6 4. d3 e6 5. Be2 a6 6. 0-0 b5 7. b3 Bb7 8. Bb2 Be7 9. e5 dxe5 10. Nxe5 0-0 11. Re1 Qc7 12. Bf3 Nc6 13. Ne4 Nxe4 14. Nxc6 Bxc6 15. Bxe4 Bxe4 16. Rxe4 Qc6 17. Rg4 f6 18. d4 Rad8 19. c3 1/2-1/2

[Event "Cuiaba Contaud op"]
[Site "Cuiaba"]
[Date "2014.05.02"]
[Round "3"]
[White "Volpato, Alzir"]
[Black "Magalhaes, Amanda Borges MS"]
[Result "0-1"]
[WhiteElo "1779"]
[BlackElo "1754"]
[PlyCount "56"]
[EventDate "2014.05.01"]
[EventType "swiss"]
[EventRounds "6"]
[EventCountry "BRA"]
[SourceTitle "CBM 160 Extra"]
[Source "ChessBase"]
[SourceDate "2014.07.01"]
[SourceVersion "1"]
[SourceVersionDate "2014.07.01"]
[SourceQuality "1"]

1. e4 e5 2. Bc4 Nf6 3. Nc3 Nc6 4. a3 Be7 5. d3 0-0 6. Nge2 Nd4 7. 0-0 d6 8. f4 Nxe2+ 9. Qxe2 Bg4 10. Qf2 exf4 11. Bxf4 Bh5 12. h3 c6 13. g4 Bg6 14. Qg2 h6 15. g5 Nh5 16. gxh6 Nxf4 17. Rxf4 Bg5 18. Rg4 gxh6 19. h4 Be3+ 20. Kh1 Kh7 21. Rf1 h5 22. Rg3 Bh6 23. Rgf3 Qxh4+ 24. Kg1 Qe7 25. Qg3 f6 26. Ne2 Bg5 27. Nd4 d5 28. exd5 Qc5 0-1